000 00622nam a2200181Ia 4500
008 151202s9999||||xx |||||||||||||| ||und||
082 _bPNVM-65522
100 _aपवार शरद.
245 _aकाटेवाडी ते मंत्रालय.
260 _b"अविष्कार प्रकाशन,पुणे."
260 _c2007
300 _a125
600 _aपवार शरद.
630 _aकाटेवाडी ते मंत्रालय.
700 _aपवार शरद.
730 _aकाटेवाडी ते मंत्रालय.
942 _cBOOK
999 _c1332054
_d1332051